Pokémon - Les attaques de Scorplane - Statistiques

Statistiques générales
  • Ce quiz a été pris 23 fois
  • Le résultat moyen est 9 sur 15
Statistiques - réponses
Niveaux Types Noms des attaques % Correct
Départ Poison Dard-Venin
93%
Niveau 45 Sol Séisme
87%
Niveau 4 Sol Jet de Sable
80%
Niveau 16 Insecte Taillade
73%
Niveau 40 Insecte Plaie-Croix
67%
Niveau 19 Sol Coud'Boue
60%
Niveau 10 Ténèbres Sabotage
60%
Niveau 27 Normal Tranche
60%
Niveau 13 Normal Vive-Attaque
60%
Niveau 22 Vol Acrobatie
47%
Niveau 50 Normal Danse-Lames
47%
Niveau 30 Insecte Demi-Tour
47%
Niveau 7 Normal Armure
33%
Niveau 35 Normal Grincement
33%
Niveau 55 Normal Guillotine
33%
Aucun quiz correspondant
Distribution des résultats
% des personnes avec chaque résultat
Percentile par nombre de réponses
Votre historique - résultats
Vous n’avez pas pris ce quiz